Normal view
MARC view
- Monetary policy
Entry Topical Term
001 - CONTROL NUMBER
- control field: 94654
003 - CONTROL NUMBER IDENTIFIER
- control field: NUST
005 - DATE AND TIME OF LATEST TRANSACTION
- control field: 20220723160005.0
008 - FIXED-LENGTH DATA ELEMENTS
- fixed length control field: 220723|| aca||aabn | a|a d
040 ## - CATALOGING SOURCE
- Original cataloging agency: NUST
- Transcribing agency: NUST
150 ## - HEADING--TOPICAL TERM
- Topical term or geographic name entry element: Monetary policy
- Geographic subdivision: United States
- General subdivision: History
- Chronological subdivision: 20th century
670 ## - SOURCE DATA FOUND
- Source citation: Work cat.: (NUST)0: Garten, Jeffrey E., 1946- author. 94653, Three days at Camp David :
